00481nam a2200169 450000500170000001000130001702000110003003500130004103700100005408200120006424500610007626000370013727000510017430000220022549000460024770000180029320110901151041.0 aG-001315 c495.00 aG-001315 bGift  a808.882 aEncyclopedia of best quotations /cedited by Shruit Jain aChandigarhbUnistar Books c2006 aS.C.O, 26-27, Sector 43A, bChandigarhe160022 a339p. c22cm (Hb) aFine words-I wonder where you stole them  aJain, Shruti